Đánh giá kĩ năng xã hội của học sinh khuyết tật trí tuệ lớp 1 học hòa nhập /

Spremljeno u:
Bibliografski detalji
Glavni autor: Nguyễn Văn Hưng.
Format: Članak
Jezik:Vietnamese
Teme:
Oznake: Dodaj oznaku
Bez oznaka, Budi prvi tko označuje ovaj zapis!
Thư viện lưu trữ: Thư viện Trường Đại học Đà Lạt
LEADER 00863nam a2200277 4500
001 DLU190190113
005 ##20190327
040 # # |a DLU  |b vie 
041 # # |a vie 
044 # # |a vn 
100 # # |a Nguyễn Văn Hưng. 
245 # # |a Đánh giá kĩ năng xã hội của học sinh khuyết tật trí tuệ lớp 1 học hòa nhập /  |c Nguyễn Văn Hưng. 
653 # # |a Giáo dục hòa nhập 
653 # # |a Kĩ năng xã hội 
653 # # |a Người khuyết tật 
653 # # |a Phương pháp đánh giá 
773 # # |t Tạp chí Giáo dục  |g Số 395, 2016, tr. 22-24 
920 # # |a Phòng Tạp chí -- Trung tâm Thông tin - Thư viện Trường Đại học Đà Lạt 
994 # # |a DLU 
900 # # |a True 
911 # # |a Trần Thị Minh Hương 
925 # # |a G 
926 # # |a A 
927 # # |a BB 
980 # # |a Thư viện Trường Đại học Đà Lạt